000 02445nam a2200361 a 4500
001 BRCA_1956
005 20190320203621.0
008 890704m19881993sp-a---g#e---#000-0#spa-d
020 _a8432089001 (Obra completa)
020 _a843206680X (Obra completa)
041 _aspa
050 4 _aN5300
_b.M55 1988
100 1 _aMilicua, José
_96007
245 1 0 _aHistoria universal del arte.
_cJosé Milicua.
260 _aBarcelona
_bPlaneta
_c1988-1989-1993
300 _a11 v.
_bil. a color
_c32 cm.
504 _aIncluye referencias bibliográficas
505 0 _aContenido : v.1. Las primeras civilizaciones : prehistoria, Egipto, próximo oriente / Joan Sureda (5a ed.). -- v.2. La antigüedad clásica : Grecia, Roma y el mundo mediterráneo / Xavier Barral I Altet (2a ed.). -- v.3. La edad media : Bizancio-Islam / Joan Sureda : De Roma al prerrománico / Xavier Barral Altel (2a ed.). -- v.4. La edad media : románico-gótico / Joan Sureda (4a ed.). -- v.5. El renacimiento I : el quattrocento italiano, la pintura flamenca (capítulo II) / Joan Sureda. La pintura flamenca(capítulo I) / José Milicua. -- v.6. Renacimiento(II) y manierismo : el cinquecento italiano / Jesús Hernández Perera. España y Portugal, Francia, países bajos e Inglaterra / Santiago Alcolea Gil. Alemania y países Germánicos / Joan Sureda. En los umbrales del barroco / José Milicua. -- v.7. Barroco y rococó / José Luis Morales y Marín (3a ed.). -- v.8. El siglo XIX / Erika Bornay (3a ed.). -- v.9. El siglo XX / Alícia Suàrez y Mercè Vidal (2a ed.). -- v.10. África, América y Asia : arte primitivo / Carmen Huera. América precolombina / Estela Ocampo. Extremo oriente / Luis Monreal y Tejeda (4a ed.). -- Últimas tendencias / Lourdes Cirlot
650 1 4 _aArte
_xHistoria
_96008
650 1 4 _aArte antiguo
_xHistoria
_96009
650 1 4 _aArte moderno
_xHistoria
_ySiglo XX
_95041
740 0 _aLas primeras civilizaciones : prehistoria, Egipto, próximo oriente
740 0 _aLa antigüedad clásica : Grecia, Roma y el mundo mediterráneo
740 0 _aLa edad media : Bizancio, Islam, Románico-Gótico
740 0 _aEl renacimiento : el quattrocento italiano, la pintura flamenca
740 0 _aRenacimiento y manierismo : el cinquecento italiano
740 0 _aBarroco y rococó
740 0 _aEl siglo XIX
740 0 _aEl siglo XX
740 0 _aÁfrica, América y Asia : arte primitivo
902 _aREF
942 _2lcc
_cB
999 _c1726
_d1726